000 01723nam a2200505 i 4500
001 38248
003 KOSZ 005
005 20240405063122.0
008 980810s1998 pl a |000 0 pol
015 _aUWD 1998/10425
020 _a8322917767
035 _a991005400279705066
035 _a(PL-WaBN)b11412100-48omnis_nlop
035 _ab11412100
035 _a(OCoLC)830133960
035 _azz2004834705
035 _a(PL)b0000001141210
035 _a(EXLNZ-48OMNIS_NETWORK)9910308920705606
040 _aWA N
_cWA N
_dKOSZ 005/HR
046 _k1998
080 _a32(438)"1989/..."
080 _a(075.8)
245 0 0 _aPolityka w Polsce w latach 90. :
_bwybrane problemy /
_cpod red. Andrzeja Antoszewskiego i Ryszarda Herbuta.
260 _aWrocław :
_bWydaw. Uniwersytetu Wrocławskiego,
_c1998.
300 _a236 s. :
_bwykr., err. ;
_c24 cm.
336 _aTekst
_btxt
_2rdacontent
337 _aBez urządzenia pośredniczącego
_bn
_2rdamedia
338 _aWolumin
_bnc
_2rdacarrier
380 _aKsiążki
388 _a1901-2000
388 _a1989-2000
504 _aBibliogr. przy rozdz.
648 7 _a1901-2000
648 7 _a1989-2000
650 7 _aPolityka
651 7 _aPolska
_2DBN
655 7 _aPodręczniki akademickie
_2DBN
658 _aPolityka, politologia, administracja publiczna
700 1 _aAntoszewski, Andrzej
_d(1949- )
_eRedakcja
700 1 _aHerbut, Ryszard
_d(1951- )
_eRedakcja
710 2 _aWydawnictwo Uniwersytetu Wrocławskiego
_4pbl
856 _uhttp://koha.tu.koszalin.pl/cgi-bin/koha/opac-detail.pl?biblionumber=38248
_yKatalog online BPK
942 _2UKD
_cKS
999 _c38248
_d38248